|
|
|
|
| LEADER |
00000nam0a2200000 4500 |
| 001 |
133330 |
| 005 |
20231101220425.0 |
| 035 |
|
|
|a (RuTPU)RU\TPU\book\144481
|
| 090 |
|
|
|a 133330
|
| 100 |
|
|
|a 20080314d1980 km y0rusy50 ca
|
| 101 |
0 |
|
|a rus
|
| 102 |
|
|
|a RU
|
| 105 |
|
|
|a a z 001zy
|
| 200 |
1 |
|
|a Геохронология Балтийского щита по данным цирконометрии
|f А. И. Тугаринов, Е. В. Бибикова
|g Академия наук СССР, Институт геохимии и аналитической химии им. В. И. Вернадского
|
| 210 |
|
|
|a Москва
|c Наука
|d 1980
|
| 215 |
|
|
|a 132 с.
|c ил.
|
| 320 |
|
|
|9 572
|a Библиогр.: с. 123-130
|
| 606 |
1 |
|
|a Геохронология
|2 stltpush
|3 (RuTPU)RU\TPU\subj\6307
|9 34230
|
| 610 |
1 |
|
|a Балтийский щит
|
| 610 |
1 |
|
|a абсолютный возраст
|
| 610 |
1 |
|
|a измерение
|
| 610 |
1 |
|
|a геохронологическая шкала
|
| 610 |
1 |
|
|a цирконовая геохронология
|
| 610 |
1 |
|
|a докембрий
|
| 610 |
1 |
|
|a магматизм
|
| 675 |
|
|
|a 550.93
|v 3
|
| 700 |
|
1 |
|a Тугаринов
|b А. И.
|g Алексей Иванович
|
| 701 |
|
1 |
|a Бибикова
|b Е. В.
|g Елена Владимировна
|
| 712 |
0 |
2 |
|a Академия наук СССР
|b Институт геохимии и аналитической химии им. В. И. Вернадского
|c (Москва)
|2 stltpush
|3 (RuTPU)RU\TPU\col\11383
|9 25078
|
| 801 |
|
1 |
|a RU
|b 63413507
|c 20080228
|g PSBO
|
| 801 |
|
2 |
|a RU
|b 63413507
|c 20210421
|g PSBO
|
| 942 |
|
|
|c BK
|